00297nam a2200121Ia 4500008004100000082001300041100001900054245002300073250000800096260005100104300000800155650001200163191201s2004 xx 000 0 und d a540bBAP aBarrow, Gordon 0aPhysical Chemistry a5th aN.DelhibTata mc Graw Hill Pubg. co. Ltdc2004 a859 aApplied